MARC

LEADER 00000nam a2200000Ia 4500
001 883
008 160829s1927 xx 000 0 cat d
952 |0 0  |1 0  |4 0  |6 M3153  |7 1  |9 48726  |a Arxiu  |b Arxiu  |d 2016-12-01  |l 0  |o M-3-153  |p 883  |r 2016-12-01 00:00:00  |w 2016-12-01  |y ARXIU 
999 |c 52557  |d 52557 
080 |a M-3-153 
100 |a Sala i Argemí, Alfons  |9 24691 
245 |a Intervenciones parlamentarias de D. Alfonso Sala Argemí conde de Egara en el Congreso de los Diputados, Senado y Mancomunidad de Cataluña 
260 |a Barcelona :  |b Impr. de la Casa Provincial de Caridad,  |c 1927 
300 |a 715 p. ;  |c 22 cm 
590 |a A la portada: Edición costeada por el Distrito de Tarrasa con motivo del homenaje tributado en su honor al concederle S. M. el Rey el Condado de Egara.  
590 |a Hi ha un duplicat amb R. 13703 a: DUP-206 
650 |a Espanya. Congreso de los Diputados  |x 1893/1922  |x Discursos parlamentaris   |9 38973 
650 |a Espanya. Senado  |x 1923  |x Discursos parlamentaris   |9 38974 
650 |a Catalunya. Mancomunitat  |x 1924/1925  |x Discursos parlamentaris I  |9 38975 
650 |a Sala i Argemí, Alfons  |x Discursos  |9 24692 
901 |a Arxiu 
942 |n 1  |2 udc